Teen Titans Members - Statistics

General Stats
  • This quiz has been taken 388 times
  • The average score is 39 of 93
Answer Stats
Hint Answer % Correct
23 Nightwing
100%
84 Red Robin
99%
38 Robin (Todd)
98%
19 Robin (Wayne)
98%
74 Starfire
97%
9 Beast Boy
96%
65 Raven
96%
17 Cyborg
94%
80 Tempest
80%
4 Aqualad
79%
8 Impulse
78%
88 Kid Flash (Wally)
78%
87 Kid Flash (Wallace)
77%
71 Arsenal
71%
12 Bumblebee
68%
25 Troia
68%
81 Terra
67%
91 Wonder Girl
66%
54 Speedy (Dearden)
65%
76 Superboy (Conner)
64%
41 Superboy (Jon)
62%
52 Matrix
55%
77 Supergirl
55%
10 Blue Beetle
54%
33 Hawkfire
50%
36 Hawk (Granger)
49%
32 Hawk (Hall)
49%
39 Jericho
49%
57 Miss Martian
47%
70 Ravager
47%
22 Dove (Granger)
46%
24 Dove (Hall)
46%
51 Mas
43%
85 Aquagirl (Tula)
41%
53 Menos
41%
3 Aquagirl (Marquez)
40%
45 Kyle Rayner
38%
34 Herald
37%
5 Argent
36%
37 Hot Spot
36%
67 Red Star
33%
66 The Atom
33%
61 Pantha
32%
75 Static
32%
47 Lightning
30%
48 Lilith
30%
30 Gnarrk
29%
26 Joker's Daughter
29%
44 Kole
29%
79 Power Girl
29%
83 Thunder
29%
1 Anima
28%
40 Jesse Quick
28%
46 Lagoon Boy
28%
93 Zachary Zatara
28%
14 Bushido
27%
28 Captain Marvel Jr.
27%
13 Bunker
26%
18 Damage
26%
56 Mirage
26%
20 Phantasm (Chase)
26%
69 Risk
26%
42 Kid Devil
25%
49 Little Barda
25%
64 Prysm
25%
7 Baby Wildebeest
24%
31 Golden Eagle
24%
62 Phantasm (Azarath Souls)
24%
73 Solstice
24%
90 Wonder Boy
24%
27 Enigma
23%
43 Kid Eternity
23%
55 Minion
23%
63 Powerboy
23%
6 Azrael
22%
11 Bombshell
22%
72 Skitter
22%
21 Danny the Street
21%
59 Offspring
21%
60 Osiris
21%
68 Redwing
21%
2 Animal Girl
20%
15 Chimera
20%
29 Fringe
20%
35 Hero Cruz
20%
78 Talon
20%
82 The Protector
19%
92 Young Frankenstein
19%
50 Marvin White
18%
89 Wendy Harris
18%
58 Molecule
17%
86 Vulcan
17%
16 Chris King
16%
No matching quizzes found
Score Distribution
Percent of People with Each Score
Percentile by Number Answered
Your Score History
You have not taken this quiz